A katasztrófák hatása a célterület vendégforgalmára

Bibliographic Details
Main Author: Fahmy Habib Reda
Other Authors: Petykó Dr. Csilla
Format: Thesis
Kulcsszavak:Sötét turizmus
Katasztrófa
Katasztrófaturizmus
Terrorizmus
Fekete turizmus
Online Access:http://dolgozattar.uni-bge.hu/8587

MARC

LEADER 00000nta a2200000 i 4500
001 dolg8587
005 20170204124424.0
008 161212suuuu hu om 000 hun d
040 |a BGE Dolgozattár Repozitórium  |b hun 
041 |a hu 
100 1 |a Fahmy Habib Reda 
245 1 2 |a A katasztrófák hatása a célterület vendégforgalmára  |c Fahmy Habib Reda  |h [elektronikus dokumentum] 
246 1 1 |a A katasztrófák hatása a célterület vendégforgalmára 
695 |a Sötét turizmus 
695 |a Katasztrófa 
695 |a Katasztrófaturizmus 
695 |a Terrorizmus 
695 |a Fekete turizmus 
700 1 |a Petykó Dr. Csilla  |e ths 
856 4 0 |u http://dolgozattar.uni-bge.hu/8587/1/FahmyHabibReda_BA_szakdolg_1205k.pdf  |z Dokumentum-elérés